000 00376nam a22001571a 4500
020 _a9788124008317
082 _aM3
_bPOL/S
100 _aPolson Joseph
245 _aSoosan kon/
_cby Polson Joseph
260 _aKottayam:
_bPaulson Joseph,
_c2000.
300 _a124p.
650 _aNovel Malayalam
650 _aLiterature Malayalam
650 _aLiterature
942 _cBK
999 _c43122
_d43122